00649nam a2200217 a 450000100060000000300080000600500170001400800410003103500190007204000270009104100080011808200250012610000290015124500920018025000120027226000370028430000340032150400380035565000180039370000200041172421BD-RjUL20211209082247.0170517s1964 enka b 001 0 eng  a(BD-RjUL)72639 aDLCcDLCdBD-RjULbeng aeng a547.78223bGUI 19641 aGuthrie, R. Dale,d1936-13aAn introduction to the chemistry of carbohydrates /cby R. D. Guthrie and John Honeyman a2nd ed. aOxford :bClarendon Press,c1964 avii, 144 p. :bill. ;c23 cm. aIncludes bibliographies and index 0aCarbohydrates1 aHoneyman, John.